Cómo dejar de fumar definitivamente: y prevenir otras adicciones (Registro nro. 7959)

Detalles MARC
000 -Cabecera
Campo de control de longitud fija 00753nam a22003017a 4500
005 - Fecha y hora de la última transacción
Campo de control 20250626151321.0
008 - Elementos de longitud fija--Información general
Campo de control de longitud fija 160415b2013 xxu||||| |||| 00| 0 spa d
020 ## - International Standard Book Number
Número Internacional Estándar del Libro (ISBN) 9786071714190
041 ## - Idioma
Código de idioma Español
082 ## - Clasificación Decimal Dewey
Número de clasificación 362.296 H557c2
100 ## - Entrada principal--Autor personal
Nombre personal Hernández Sandoval, Eduardo
9 (RLIN) 8004
245 ## - Título propiamente dicho
Título Cómo dejar de fumar definitivamente: y prevenir otras adicciones
250 ## - Edición
Mención de edición 2 edición
260 ## - Pie de imprenta
Lugar de publicación, distribución, etc. México
260 ## - Pie de imprenta
Nombre del editor, distribuidor, etc. Trillas
260 ## - Pie de imprenta
Fecha de publicación, distribución, etc. 2013
300 ## - Descripción física
Extensión 166 páginas
490 ## - Serie
Título de la Serie Temática General
650 ## - Materia general
Temática (materia general) FUMAR
650 ## - Materia general
Temática (materia general) TABACO
650 ## - Materia general
Temática (materia general) HABITO
650 ## - Materia general
Temática (materia general) EFECTOS DEL TABACO
650 ## - Materia general
Temática (materia general) ADICCIONES
650 ## - Materia general
Temática (materia general) ENTORNO SOCIAL
650 ## - Materia general
Temática (materia general) DROGADICCIÓN
650 ## - Materia general
Temática (materia general) NICOTINA
942 ## - Punto de acceso adicional KOHA
Tipo de ítem KOHA Libro
Fuente del sistema de clasificación o colocación Dewey Decimal Classification
Existencias
Signatura completa Código de barras Programa Académico Tipo de ítem
362.296 H557c2 21051 Temática General Libro